Obálka Náhled e-knihy:
Epub
Pro půjčování e-knih musíte být přihlášeni.
Jak si půjčit online?

Vraždíme vrahy /

Když se v Bostonu znovu objeví dávný nepřítel, Lea Nachtnebelová a agent FBI Liam Richter se pouštějí do smrtícího závodu a snaží se zastavit novou vlnu brutálních vražd. Jejich spolupráce však není vůbec jednoduchá. Lea, mstitelka, která bojuje ohněm proti ohni, si přímo libuje v porušování pravide...

Celý popis

Uloženo v:
Hlavní autor: Ashmanová, S. T. (Autor)
Médium: E-kniha
Jazyk:Czech
Vydáno: Praha : Nakladatelství JOTA, s.r.o., 2026
Tagy:
Žádné tagy
LEADER 01958nam a22002297i 4500
001 302983
007 ta
008 260516s2026 xr ||||| |||| 00| 0 cze d
020 |a 9788076898073 
044 |a xr 
100 1 |a  Ashmanová, S. T.  |4 aut 
245 1 0 |a Vraždíme vrahy /  |c  Ashmanová, S. T. 
240 1 0 |a We Kill Killers 
264 1 |a Praha :  |b Nakladatelství JOTA, s.r.o.,  |c 2026 
300 |a 1 online zdroj (311 stran) 
336 |a text  |b txt  |2 rdacontent 
337 |a bez média  |b n  |2 rdamedia 
338 |a online zdroj  |b cr  |2 rdacarrier 
520 2 |a Když se v Bostonu znovu objeví dávný nepřítel, Lea Nachtnebelová a agent FBI Liam Richter se pouštějí do smrtícího závodu a snaží se zastavit novou vlnu brutálních vražd. Jejich spolupráce však není vůbec jednoduchá. Lea, mstitelka, která bojuje ohněm proti ohni, si přímo libuje v porušování pravidel. A povinností vázaný Liam ví, že je stejně nebezpečná jako zločinci, které spolu pronásledují. Přesto se snaží jí věřit.Jejich křehké spojenectví je podrobeno zkoušce, když nová agentka přichází s otázkami, na které si nemohou dovolit odpovídat, a houstne nebezpečí, kterému nemohou uniknout. V této smrtelné hře na kočku a myš mají Lea a Liam jen dvě možnosti: lovit – nebo být loveni. V napínavém pokračování úspěšného thrilleru Vraždím vrahy se vrací světoznámá koncertní pianistka Lea Nachtnebelová a agent FBI Liam Richter – tentokrát jako nesourodá dvojice, balancující na ostří nože mezi důvěrou a obezřetností. 
910 |a RBIT002 
998 |d 427091  |a https://core.palmknihy.cz/api/books/427091/cover?tezd9f  |b https://core.palmknihy.cz/api/books/427091/cover/400?tezd9f  |c https://core.palmknihy.cz/api/books/427091/cover/50?tezd9f  |e 2030-08-11  |g 311  |i 9788076898073  |j https://core.palmknihy.cz/api/books/427091/preview.epub  |l   |q 49  |r 1  |s https://www.palmknihy.cz/kniha/427091  |t ebook  |y 2026  |z 1 
999 |d 302981